| 000 | 00511 a2200121 4500 | ||
|---|---|---|---|
| 020 | _a0309098548 | ||
| 022 | _a00775614 | ||
| 082 | _a363.125 FRI | ||
| 100 | _aFriedman David M. | ||
| 245 |
_aNCHRP Report 525 Surface Transportation Security Vol 11 Disruption Impact Estimating Tool -------- Transportatoin (DIETT): A Tool for Prioritizing High- Value Transportation Choke Points / _cDavid M. Friedman....[et al] |
||
| 260 |
_aWashington : _bTransportation Research Board, _c2006 |
||
| 300 |
_a13p. : _bill. ; _c30 cm |
||
| 650 | _aTransportation | ||
| 999 |
_c2194 _d2194 |
||